| 000 | 01137cam a22003014a 4500 | ||
|---|---|---|---|
| 001 | 12782473 | ||
| 003 | OSt | ||
| 005 | 20250130120010.0 | ||
| 008 | 020520s2003 nyu b 001 0 eng | ||
| 010 | _a 2002068756 | ||
| 020 | _a0789017571 (alk. paper) | ||
| 020 | _a078901758X (alk. paper : soft) | ||
| 040 |
_aDLC _cDLC _dDLC |
||
| 042 | _apcc | ||
| 050 | 0 | 0 |
_aRC606.6 _b.C535 2003 |
| 082 | 0 | 0 |
_a362.1/969792/0082 _221 |
| 100 | 1 | _aCiambrone, Desirʹee. | |
| 245 | 1 | 0 |
_aWomen's experiences with HIV/AIDS : _bmending fractured selves / _cDesiree Ciambrone. |
| 260 |
_aNew York : _bHaworth Press, _cc2003. |
||
| 300 |
_axi, 213 p. ; _c23 cm. |
||
| 504 | _aIncludes bibliographical references (p. 187-203) and index. | ||
| 650 | 0 |
_aAIDS (Disease) in women _xPsychological aspects. |
|
| 650 | 0 |
_aAIDS (Disease) in women _xSocial aspects. |
|
| 856 | 4 | 2 |
_3Publisher description _uhttp://www.loc.gov/catdir/enhancements/fy0810/2002068756-d.html |
| 906 |
_a7 _bcbc _corignew _d1 _eocip _f20 _gy-gencatlg |
||
| 942 |
_2ddc _cBK |
||
| 999 |
_c4064 _d4064 |
||